[Event "Cappelle op 15th"]
[Site "Cappelle la Grande"]
[Date "1999.02.15"]
[Round "3"]
[White "Suetin, Alexey S"]
[Black "Mikhalevski, Victor"]
[Result "0-1"]
[WhiteElo "2391"]
[BlackElo "2531"]
[Annotator "Mikhalevski,V"]
[PlyCount "128"]
[EventDate "1999.02.13"]
[EventType "swiss"]
[EventRounds "9"]
[EventCountry "FRA"]
[SourceTitle "CBM 070"]
[Source "ChessBase"]
[SourceDate "1999.06.08"]
[SourceVersion "1"]
[SourceVersionDate "1999.06.08"]
[SourceQuality "1"]

1. e4 e5 2. Nf3 Nc6 3. Bb5 a6 4. Ba4 Nf6 5. O-O Nxe4 6. d4 b5 7. Bb3 d5 8. dxe5
Be6 9. c3 Bc5 10. Nbd2 O-O 11. Bc2 Nxf2 12. Rxf2 f6 13. exf6 Bxf2+ 14. Kxf2
Qxf6 15. Kg1 (15. Nf1) 15... Rae8 16. Nf1 Ne5 17. Be3 Nxf3+ 18. Qxf3 Qxf3 19.
gxf3 Rxf3 20. Bd1 (20. Bf2 Bh3 21. Ng3 (21. Nd2 Rf6 22. Bd3 h5 23. Re1 Rxe1+
24. Bxe1 c5) 21... g6 22. Rd1 (22. Re1) 22... c6 23. Bd3 h5 24. Bxg6 Re5 25.
Bd4 Rg5 26. Bxh5 Rfxg3+ 27. hxg3 Rxh5 28. Re1 Kf7 29. Re5 Rxe5 30. Bxe5) 20...
Rf7 21. Bc5 (21. Bb3 c6 22. Ng3 (22. Bd4 Bh3 23. Ne3 Rf4 24. Re1 Re6 25. Bc2 h5
26. Bd3 h4 27. Bc5 a5 28. Bf1 Bf5 29. Re2 Be4 30. h3 Rf3 31. Rf2 Rxf2 32. Kxf2
Rf6+ 33. Ke1 Rf3 34. Ng4 Bd3 35. Bxd3 Rxd3 36. Be3 (36. Ne3 d4 37. Bxd4 c5 38.
Bxc5) 36... d4 37. cxd4 b4 38. Ke2 b3 39. a4 Rc3 40. Ne5 Rc2+ 41. Kd3 Rxb2 42.
Bd2 Ra2 43. Bxa5 Rh2 44. Bc3 b2) (22. Re1 Bh3 23. Nd2) 22... Bh3 23. Bd4 h5 (
23... g6 24. Bc2 Re6 25. Bd3 (25. a4 bxa4 (25... h5 26. axb5 axb5 27. Ra8+ Rf8
28. Rxf8+ Kxf8 29. Bd3 h4 30. Nf1) 26. Bxa4 h5 27. Nh1) 25... h5 26. Bf1 (26.
Nh1 Bf5) 26... Bxf1 27. Rxf1 (27. Nxf1 Re2) 27... h4 28. Rxf7 Kxf7 29. Nf1 Re2
30. b4 Rxa2 31. h3 Ke6 32. Ne3 a5 33. bxa5 Rxa5 34. Kf2 Kd6 35. Bf6 Ra4 36. Ke2
(36. Ng2 Ke6 37. Bxh4 Rc4) 36... b4 37. cxb4 Rxb4 38. Ng4 Rb3 39. Nf2 c5 40.
Bxh4 d4 41. Bg5 c4 42. h4 Ke5 43. Nh3) 24. Nxh5 Re2 25. Ng3 (25. Rb1 Rxb2)
25... Rxb2) 21... Bh3 22. Bb3 c6 23. Ne3 Re5 24. a4 bxa4 (24... h5 25. axb5
axb5 26. Bc2 Rg5+ 27. Kh1 Rc7 28. Bd6) 25. Bxa4 (25. Rxa4 Rxe3) 25... d4 26.
Bxd4 (26. cxd4) 26... Rg5+ 27. Kh1 c5 28. Bb3 (28. Bxc5 Bc8 29. h4 Bb7+ 30. Kh2
Rf2+ 31. Kh3 Bc8+) 28... cxd4 29. cxd4 (29. Rxa6 Kf8 30. Ra8+ (30. Bxf7 dxe3)
30... Ke7 31. Ra7+ Kd8 32. Ra8+ Kc7 33. Ra7+ Kb6 34. Rxf7 dxe3) 29... Bc8 (
29... a5 30. Bxf7+ (30. Ra3) 30... Kxf7 31. d5 Re5 32. Ra3) 30. h4 (30. Rf1
Bb7+) 30... Rb5 (30... Rg3 31. Rf1) (30... Bb7+ 31. Kh2 Rb5 32. Bxf7+ Kxf7 33.
Rc1 (33. Nc4 Ke6) 33... Rxb2+) 31. Bxf7+ Kxf7 32. Rc1 Bb7+ 33. Kg1 Rxb2 34.
Rc7+ Kf6 35. d5 a5 (35... h5 36. d6 Ke6 37. Rxg7 Rb1+ 38. Kf2 Kxd6 39. Rg5 Rb5
40. Nf5+ Ke5 41. Rxh5 Kf4 42. Ng3) 36. Nc4 (36. d6 a4 (36... Be4 37. Ng4+ Kf5
38. Nf2 Rb1+ (38... Bb1 39. d7 Rd2 40. Rc1 Rxd7) 39. Kh2 Rb2 40. Kg1) (36...
Ke6 37. Rxg7 Rb1+ (37... a4 38. d7 Rd2 39. d8=Q Rxd8 40. Rxb7) 38. Kf2 Kxd6 39.
Nc4+) 37. Ng4+ (37. d7 Ke7 38. Nc4 Rb1+ 39. Kf2 Kd8) (37. Nc4 Rc2 38. d7 (38.
Rxb7 Rxc4) 38... Ke7 39. Rc8 (39. Rxb7 Rxc4) 39... Rg2+ (39... Kxd7 40. Nb6+
Kd6 41. Rxc2) 40. Kf1 Kxd7 41. Rb8 Bc6 (41... Bd5 42. Nb6+) (41... Bf3 42. Ne5+
Kc7 43. Nxf3 Kxb8 44. Kxg2 a3 45. Nd4 a2 46. Nb3) (41... Be4 42. Rb4) 42. Ne5+
Kc7 43. Nxc6 (43. Rb4 a3 44. Nxc6 (44. Rc4 a2 45. Rxc6+ Kb7 46. Rc1 Rb2) 44...
a2 45. Ra4 Rh2 46. Nd4 a1=Q+ 47. Rxa1 Rh1+ 48. Kg2 Rxa1 49. Ne6+ Kd6 50. Nxg7
Ke5) 43... Ra2 44. Rg8 (44. Nb4 Ra1+) 44... Kxc6 45. Rxg7 Rh2) 37... Kf5 (37...
Ke6 38. d7 Ke7 39. Ne5 Kd8 40. Nf7+) 38. d7 (38. Ne3+ Ke6) 38... Rd2 (38...
Rg2+ 39. Kf1 Rd2 40. Ke1 Rd6 (40... Rd4 41. Rxb7 Kxg4 42. Rb4) 41. Ne3+ Ke6 (
41... Ke4 42. Nc4) 42. Rxb7 Rxd7) 39. Ne3+ Kf4 40. Nc4 (40. Nf1 Rg2+ 41. Kh1
Rf2+ 42. Kg1 Rg2+) 40... Rd1+ 41. Kf2 Be4 42. Nb2 Rd2+ 43. Ke1 Rd4 44. Nxa4 Bf3
45. Rc4 Rxc4 46. d8=Q Rc1+ 47. Kf2 (47. Kd2 Rd1+) 47... Rc2+) 36... Rb1+ 37.
Kf2 Bxd5 38. Nxa5 Rb2+ 39. Kg3 (39. Ke3 Rh2) 39... Rg2+ 40. Kh3 (40. Kf4 h5)
40... Rg1 (40... Ra2 41. Nc4 Rc2 42. Nd6 (42. Ne3 Be6+) 42... Rxc7 43. Ne8+)
41. Rc5 Be6+ 42. Kh2 Rg4 43. h5 Rg5 44. Nb7 Bd5 (44... Rxc5 45. Nxc5 Bf5 46. h6
g5) 45. Nd6 (45. h6 Bxb7 46. Rxg5 Kxg5 47. hxg7 Bd5) 45... Rxh5+ 46. Kg3 Re5
47. Rc8 g5 48. Ne8+ Kg6 49. Rd8 h5 50. Nc7 h4+ 51. Kf2 Rf5+ 52. Kg1 Bf7 53.
Rd6+ Kh5 54. Rb6 Rc5 55. Na6 Rc1+ 56. Kf2 Rc2+ 57. Ke3 h3 58. Rb1 h2 59. Nb4
Rb2 60. Rh1 Rxb4 61. Rxh2+ Kg4 62. Rf2 Rb3+ 63. Kd4 Rf3 64. Rg2+ Kf4 0-1

[Event "Bar"]
[Site "Bar"]
[Date "1997.11.24"]
[Round "6"]
[White "Popovic, Petar"]
[Black "Skembris, Spyridon"]
[Result "1/2-1/2"]
[WhiteElo "2545"]
[BlackElo "2470"]
[Annotator "Mikhalevski,V"]
[PlyCount "100"]
[EventDate "1997.11.19"]
[EventType "tourn"]
[EventRounds "10"]
[EventCountry "YUG"]
[EventCategory "12"]
[SourceTitle "CBM 063"]
[Source "ChessBase"]
[SourceDate "1998.03.26"]
[SourceVersion "1"]
[SourceVersionDate "1998.03.26"]
[SourceQuality "1"]

1. e4 e5 2. Nf3 Nc6 3. Bb5 a6 4. Ba4 Nf6 5. O-O Nxe4 6. d4 b5 7. Bb3 d5 8. dxe5
Be6 9. c3 Bc5 10. Nbd2 O-O 11. Bc2 Bf5 12. Nb3 Bg6 13. Bf4 (13. a4 $5 {Belov}
Bb6 14. Nbd4 Nxd4 15. Nxd4 c5 $2 (15... Qd7 $142 {Belov} 16. Be3 Nc5 17. a5 Ba7
18. f4 Bxc2 19. Nxc2 f6 20. exf6 Rxf6 $10 {Van der Wiel,J-Korchnoi,V/Wijk aan
Zee/1983/0:1 (48) Inf 35/426/}) 16. Nc6 $1 Nxc3 (16... Qd7 {Belov} 17. Qxd5
Qxd5 18. Ne7+ Kh8 19. Nxd5 Bd8 $8 (19... Ba7 20. Ne7 $18) 20. axb5 $18) 17.
Nxd8 (17. bxc3 $6 {Belov} Bxc2 18. Qxc2 Qd7) 17... Nxd1 18. Bxg6 Raxd8 19. Bf5
Nxf2 $8 20. Kxf2 c4+ 21. Kg3 $16 g6 22. Bg4 Bc7 23. Bf4 Rfe8 $6 (23... b4 $142
$16 {Belov}) 24. axb5 axb5 25. Ra7 Bb8 (25... Bxe5 {Belov} 26. Bxe5 Rxe5 27.
Rfxf7 $18) 26. Rb7 g5 $6 27. Bxg5 Bxe5+ 28. Kh3 Rb8 29. Rbxf7 $18 Bxb2 (29...
Bg7 {Belov}) 30. Bh6 $1 b4 31. Be6 $1 {1-0 Timman,J-Geller,E/Moscow 1981} (31.
Be6 $1 {Belov} Rxe6 32. Rf8+ $18)) (13. e6 {Belov} f5 $5 14. Bxe4 $6 fxe4 15.
Nxc5 exf3 $15 {Loshakov-Abloukhov/corr/1987/0:1 (27) Inf 44/410/}) (13. Qe2 {
Belov} Re8 $1 14. Nxc5 Nxc5 15. Bxg6 hxg6 16. Bg5 Qd7 17. Rad1 Ne6 $10 {
Ljubojevic,L-Timman,J/Hilversum(m/6)/1987/0:1 (51) Inf 44/411/}) (13. Nbd4 {
Belov} Nxd4 14. Nxd4 Bb6 (14... Bxd4 {Belov} 15. Qxd4 (15. cxd4 $5) 15... c5
16. Qd1 h6 17. f3 Ng5 18. Be3 Rc8 19. Qd2 $14 {Short,N-Timman,J/San Lorenzo de
El Escorial(m/12)/1993/1:0 (46) Inf 56/369/}) 15. Be3 {Polgar,S-Van der
Sterren,P/Wijk aan Zee/1990/1:0 (33) Inf 49/398/} Qd7 $13) (13. Nfd4 $1) 13...
Bb6 14. Nfd4 (14. a4 Qd7 15. axb5 axb5 16. Rxa8 Rxa8 17. Nfd4 b4 $132 18. Bd3
bxc3 19. Bb5 Nxf2 $1 20. Rxf2 Nxd4 21. Bxd7 Nxb3 22. bxc3 Ra1 $13 23. Qxa1 Nxa1
24. Bc6 Be4 25. c4 Nc2 26. Bd2 Na3 27. Bxd5 Bxd5 28. cxd5 Nc4 29. Bc3 Kf8 30.
g4 Ke8 31. h4 g6 32. Kg2 Bxf2 33. Kxf2 Nb6 34. d6 c6 35. Kf3 Kd7 36. Bd4 Nd5
37. h5 Ke6 38. Ke4 Nb4 39. Bc3 Nd5 40. Bd4 Nb4 41. Bc3 Nd5 {1/2-1/2 Short,
N-Timman,J/Tilburg 1988}) 14... Nxd4 (14... Ne7 $5 15. f3 c5 16. fxe4 (16. Ne2
c4+ 17. Nbd4 Nc5 $15) 16... cxd4 17. cxd4 Bxe4 18. Bxe4 dxe4 $15) 15. cxd4 f6 (
15... Qh4 $5) 16. Rc1 (16. f3 fxe5 17. Bxe5 Qg5 18. Kh1 Nd6 $132) 16... Qe7 17.
Bxe4 $1 Bxe4 18. Nc5 $14 (18. exf6 Rxf6 $1 (18... Qxf6 $2 19. Bxc7) 19. Bg5 Rg6
20. h4 (20. Bxe7 $4 Rxg2+ 21. Kh1 Rxf2+ 22. Kg1 Rg2+ 23. Kh1 Rg3+ $19) 20... h6
(20... Rxg5 21. hxg5 Qxg5 22. f3) 21. Bxe7 Rxg2+ 22. Kh1 Rxf2+ 23. Kg1 Rg2+ $11
) 18... fxe5 19. Bxe5 Rf7 20. Qg4 Bf5 21. Qg3 c6 22. Rfe1 Re8 23. Re3 Bxc5 $6 (
23... Qa7 $142 24. Bd6 Rxe3 25. Qxe3 Qa8 26. Re1 h6 $14 27. Nxa6 Bxd4 28. Qxd4
Qxa6 29. Re8+ Kh7) 24. Rxc5 $16 Qd7 25. Ra3 Qb7 26. Qg5 Qb6 27. Qc1 Bd7 28. Rg3
Re6 29. h3 (29. b3 $5 {/\a4}) 29... a5 30. Kh2 (30. b3 $1 {[%csl Ra5,Rg7,Rg8] /
\a4}) 30... Qd8 31. Rcc3 Qc8 32. Rce3 Qf8 33. f4 Rg6 34. Rxg6 hxg6 35. Rg3 Kh7
36. Qc2 Rf5 37. Qd2 (37. a4 $1) 37... a4 38. Qa5 Qf7 39. Qd8 Rh5 40. Qc7 Kg8
41. Qd6 Kh7 42. Rc3 g5 43. Rg3 g4 44. f5 $2 (44. Kg1 $16) 44... Rh6 $1 45. f6
gxf6 46. Bf4 Rg6 47. Re3 Rg7 48. h4 Qg6 49. Re7 Rxe7 50. Qxe7+ Qg7 1/2-1/2

[Event "FIDE-Wch k.o."]
[Site "Groningen"]
[Date "1997.12.09"]
[Round "1.1"]
[White "Sokolov, Andrei"]
[Black "Kobese, Watu"]
[Result "1-0"]
[WhiteElo "2585"]
[BlackElo "2315"]
[Annotator "Mikhalevski,V"]
[PlyCount "67"]
[EventDate "1997.12.09"]
[EventType "k.o."]
[EventRounds "7"]
[EventCountry "NED"]
[SourceTitle "CBM 063"]
[Source "ChessBase"]
[SourceDate "1998.03.26"]
[SourceVersion "1"]
[SourceVersionDate "1998.03.26"]
[SourceQuality "1"]

1. e4 e5 2. Nf3 Nc6 3. Bb5 a6 4. Ba4 Nf6 5. O-O Nxe4 6. d4 b5 7. Bb3 d5 8. dxe5
Be6 9. c3 Bc5 10. Qd3 O-O 11. Nbd2 f5 12. exf6 Nxf6 13. a4 (13. Ng5) 13... Rb8
(13... Bf7 14. Ng5 Ne5 15. Qg3 Qd6 16. Nxf7 $14) 14. axb5 axb5 15. Ng5 Ne5 16.
Qg3 Qd6 17. Bc2 Bd7 18. Nb3 Bb6 19. Bf4 Rbe8 20. Nd4 Nh5 21. Bxe5 Rxe5 22.
Bxh7+ Kh8 23. Qh4 Qh6 $6 (23... g6 {Timman} 24. Rfe1 (24. f4 Rxg5 25. Qxg5 Kxh7
26. Rae1 $2 (26. f5 $1 Rxf5 27. Rxf5 Bxf5 28. g4 Qe5 29. gxf5 Bxd4+ 30. cxd4
Qxd4+ 31. Kh1 Qe4+ $10) 26... Ng7 $1 $19 27. Kh1 Bxd4 28. cxd4 Bf5 29. Re7 Kg8
30. Qh4 Be4 31. h3 Qd8 $1 {/\ Rf7} 32. f5 Bxf5 33. Rc1 Be4 34. Kg1 Rf7 35. Rxe4
g5 36. Qg4 dxe4 37. Qxe4 Rf4 38. Qe5 Qxd4+ 39. Qxd4 Rxd4 40. Rxc7 Rb4 41. Kf2
Rxb2+ 42. Kf3 Rb4 43. Rb7 Kh7 44. g4 Kg6 45. Rb6+ Kf7 46. Rh6 Ne8 47. Ke3 Nf6
48. Rh8 Kg7 {0-1 Sokolov,A-Timman,J/Reykjavik 1988}) (24. Ra8 Rxa8 25. Nf7+
Kxh7 26. Nxd6 cxd6 27. g4 Bd8 $17) 24... Rxg5 (24... Rxe1+ 25. Rxe1 Rf4 $19)
25. Qxg5 Kxh7 26. Qe7+ Kg8 27. Qxd6 cxd6 28. Re7 $16) 24. Ndf3 Ree8 25. Rae1 (
25. Rfe1 Rf4 26. Rxe8+ Bxe8 27. Ra8 Qc6 28. Qxh5 $18) 25... Rxe1 26. Rxe1 Rf4
$2 (26... Nf6 {Sokolov,A} 27. Bc2 (27. Bd3 {>=} Kg8 28. Qxh6 gxh6 29. Ne6 $16)
27... Kg8 28. Re7 $2 (28. Qxh6 gxh6 29. Ne6 $16) 28... Qxh4 29. Nxh4 Bc5 $2 (
29... Ne4 $5 30. Bxe4 Bxf2+ 31. Kh1 dxe4 32. Ng6 Bc5 33. Nxf8 Bxe7 34. Nxd7
Bxg5 $10) 30. Re2 (30. Rxd7 $2 {/\ 30...Nd7?? 31.Bh7 Kh8 32.Ng6#} Ra8 $17)
30... Bg4 31. Nhf3 Ra8 32. h3 Bxf3 33. Nxf3 Ra1+ 34. Kh2 b4 35. Ng5 $6 bxc3 36.
bxc3 Ra3 37. Bg6 Rxc3 38. Rb2 Bd6+ 39. g3 Kf8 40. Ne6+ Ke7 41. Nxg7 Nd7 42. Bb1
Be5 43. Nf5+ Kf7 44. f4 Bf6 45. Rd2 c6 46. g4 Rc1 47. Bc2 Bd8 48. Kg2 Bc7 49.
Nd4 Nf6 50. f5 $18 c5 51. Ne6 {Sokolov,A-Timman,J/Belfort 1988/1-0 (61)}) 27.
g4 $1 (27. Ra1 $1) (27. Qh3 $2 Rxf3 $1) 27... g6 (27... Rxg4+ $2 28. Qxg4 Bxg4
29. Re8#) 28. h3 Bc5 (28... Qg7 29. Ne5 $1 Bxf2+ (29... Be8 30. Nd3 $18) 30.
Qxf2 Rxf2 31. Nxg6+ Qxg6 32. Bxg6 $18) (28... c6 29. Ra1 Kg7 30. Ra6 Bc5 31. b4
Rxf3 32. bxc5 Rxc3 33. Ra7 Rc1+ 34. Kh2 $18) 29. b4 Bd6 30. Ne5 Bxe5 (30... Be8
31. Nxg6+ $1 Bxg6 32. Re6 $18) 31. Rxe5 Qg7 32. Rxd5 Nf6 33. Bxg6+ Kg8 34. Bf7+
1-0

[Event "FIDE-Wch k.o."]
[Site "Groningen"]
[Date "1997.12.11"]
[Round "2.1"]
[White "Svidler, Peter"]
[Black "Adianto, Utut"]
[Result "1-0"]
[WhiteElo "2660"]
[BlackElo "2610"]
[Annotator "Mikhalevski,V"]
[PlyCount "87"]
[EventDate "1997.12.09"]
[EventType "k.o."]
[EventRounds "7"]
[EventCountry "NED"]
[SourceTitle "CBM 063"]
[Source "ChessBase"]
[SourceDate "1998.03.26"]
[SourceVersion "1"]
[SourceVersionDate "1998.03.26"]
[SourceQuality "1"]

1. e4 e5 2. Nf3 Nc6 3. Bb5 a6 4. Ba4 Nf6 5. O-O Nxe4 6. d4 b5 7. Bb3 d5 8. dxe5
Be6 9. Nbd2 Nc5 10. c3 Be7 11. Bc2 Bg4 12. Re1 O-O 13. Nf1 Re8 {This move has
become popular after the game Wang Zili-Yusupov,1990} 14. h3 Bh5 15. Ng3 (15.
g4 Bg6 16. Bxg6 hxg6 17. Ne3 Qd7 18. Qxd5 Rad8 19. Rd1 Qe6 $10 {Wahls,M-Hübner,
R, Munich 1991.}) 15... Bg6 16. Nf5 (16. Bxg6 {1/2-1/2 Topalov-Marin,Budapest
1993}) (16. Be3 Bf8 17. Bd4 Ne6 18. h4 Ncxd4 19. cxd4 c5 20. Bxg6 hxg6 21. Qd2
Nxd4 22. Nxd4 cxd4 23. Qxd4 Rc8 24. Rac1 Rc4 25. Rxc4 dxc4 26. Qg4 Qd2 27. Qe2
Bb4 28. Qxd2 Bxd2 29. Re2 Bf4 30. Re4 Bc1 31. Re2 Kf8 32. h5 Bf4 33. hxg6 Rxe5
34. Ne4 f5 35. Nc3 b4 36. Rxe5 Bxe5 37. Nd1 Bd4 {0-1 Villavicencio,A-Garcia,G/
Las Palmas op 1989}) 16... Ne4 $5 (16... Bf8 17. Bf4 Ne6 18. Bh2 Na5 19. Ne3 c6
20. Nd4 Nxd4 21. cxd4 Nc4 22. b3 Nxe3 23. Rxe3 c5 $1 24. Bxg6 hxg6 25. dxc5
Bxc5 26. Rd3 d4 27. Kh1 Rc8 28. f4 Qd5 $10 29. Bg1 g5 30. Qg4 gxf4 31. Re1 Bb6
32. Qxf4 Rc2 33. Rg3 Re6 34. Rf1 Rec6 35. e6 Qxe6 36. Bxd4 Bxd4 37. Qxd4 f6 38.
Qd8+ Kh7 39. Qd3+ Kg8 40. Qd8+ Kh7 41. Qd3+ Kg8 42. Qd8+ {1/2-1/2 Wahls,
M-Huebner,R/GER-CupT 1991}) 17. Nxe7+ (17. Bxe4 $2 {Mikhalevski,V} dxe4) 17...
Rxe7 18. Bf4 $14 Qd7 (18... Qe8 $5 {Mikhalevski,V /\Rd8} 19. Qxd5 $140 (19. a4
$5) 19... Nxc3 $1 (19... Rd8 20. Qb3 Nc5 21. Qa3 Ne6 $1 22. Bxg6 Nxf4 23. Bc2
Nxe5 24. Kf1 $1 $13) 20. Qd2 Bxc2 21. Qxc2 Nd5 $11) 19. Nh4 $1 Nc5 (19... Nxe5
$4 {Mikhalevski,V} 20. Bxe5 Rxe5 21. Nxg6 hxg6 22. Rxe4 $18) 20. Nxg6 hxg6 21.
Be3 (21. Qf3 $1 {Mikhalevski,V} Rae8 22. Red1 $1 (22. Rad1 $2 Nxe5 23. Qxd5
$140 $2 Qxd5 24. Rxd5 Nf3+ $19) 22... d4 $1 (22... Nxe5 23. Qxd5 Qxd5 24. Rxd5
$16) 23. b4 Ne6 24. Bh2 $1 (24. Be4 $2 Nxe5 $1 25. Bxe5 Ng5) 24... Ng5 $140 25.
Qd3 $1 Nxe5 26. Qg3 $1 (26. Bxe5 Rxe5 27. Qxd4 $11) 26... Qd5 27. f4 Nef3+ (
27... Ngf3+ 28. Kh1 $1 Nxh2 29. Rxd4 Qc6 30. fxe5 $18) 28. Kh1 $1 Nxh2 (28...
Re3 29. fxg5 Ne1 $140 $2 30. Rxe1 $1 Rxg3 31. Rxe8+) 29. fxg5 $16) 21... Ne6
22. f4 d4 23. Be4 Rd8 (23... dxe3 $4 {Mikhalevski,V} 24. Qxd7 Rxd7 25. Bxc6 $18
) 24. Bf2 $1 $146 (24. Bc1 $2 {Mikhalevski,V} Nc5 (24... d3 {Mikhalevski,V} 25.
Be3 Na5 26. b3 $14) 25. Bf3 $6 (25. Bxc6 {Mikhalevski,V} Qxc6 26. cxd4 Ne6 27.
Be3 Nxd4 28. Bxd4 Qc4 $14 {/=} 29. Re4 $140 c5 30. Rc1 Qd5) 25... Qe6 (25... d3
{Mikhalevski,V} 26. Be3 Ne6 27. Qd2) 26. f5 $2 (26. Bxc6 $142 {Mikhalevski,V}
Qxc6 27. cxd4 {see 25.B:c6}) 26... gxf5 27. Bxc6 (27. Bg5 {Mikhalevski,V} dxc3
28. Qc2 cxb2 29. Rab1 Nxe5 $1 30. Bxe7 (30. Qxc5 Nxf3+ 31. gxf3 Qxe1+ $19)
30... Qxe7 $17) 27... Qxc6 28. Bg5 f6 29. exf6 Rxe1+ 30. Qxe1 gxf6 31. Qe7 Re8
32. Qxf6 Qxf6 33. Bxf6 d3 $15 {This position has arised by force and it's
difficult to understand why Van der Doel didn't play 26.B:c6 to get slightly
better position.Now he has to fight for a draw.} 34. Bd4 $4 (34. Rd1 $8 {
Mikhalevski,V} Ne4 35. Bh4 d2 $15) 34... Na4 $2 (34... d2 {Mikhalevski,V} 35.
Bf2 Nd3 36. Rd1 Re2 (36... Re1+ $19) 37. Bg3 Nxb2 38. Kf1 Rxg2 $19) 35. Rd1 (
35. Kf1 {Mikhalevski,V} Nxb2 36. Re1 Re4 $1 37. Rxe4 fxe4 38. Ke1 Nc4 39. Kf2
d2 40. Ke2 e3 {/\Nb2}) 35... c5 36. Bf6 Kf7 $6 (36... Nxb2 $142 {Mikhalevski,V}
37. Rd2 Kf7 38. Bg5 Kg6 39. Bf4 (39. h4 Re2 40. Rxe2 dxe2 41. Kf2 Nd1+ 42. Kxe2
Nxc3+ $19) 39... Re2 40. Kf1 Rxd2 41. Bxd2 $17) 37. Bh4 $6 (37. b3 $142 {
Mikhalevski,V} Kxf6 $5 (37... Nb2 38. Rd2 Kxf6 (38... Re2 39. Bg5 $13) 39. Rxb2
Re1+ 40. Kf2 Rc1 41. Ke3 Rxc3 $17) 38. bxa4 c4 39. axb5 axb5 $17) 37... Nxb2
38. Rd2 Re4 $6 (38... Re2 $142 {Mikhalevski,V} 39. Rxe2 dxe2 40. Kf2 Nd1+ $19)
39. Bg3 Re3 $6 (39... Re2 $142 {Mikhalevski,V} 40. Rxe2 dxe2 41. Kf2 Nd1+ $19)
40. Bf4 Re2 41. Kf1 Rxd2 42. Bxd2 Nc4 {White is hopeless.The queen side pawns
decide the game. 0-1 Van den Doel,E-Timman,J/NLD-ch 1997}) (24. cxd4 $142 {
Mikhalevski,V} Ncxd4 25. Rc1 c5 (25... Nf5 $5 26. Bxf5 gxf5 $13)) 24... Ree8 (
24... Nxf4 25. Qf3 Nd5 26. cxd4 $16) (24... d3 25. Qg4 $16) 25. Qg4 Ne7 26. h4
(26. Rad1 $5 $16) 26... c5 (26... Nd5 27. f5) (26... d3 $5 27. Rad1 (27. Red1
Nd5 $1 (27... Nd4 $2 28. Qxd7 Ne2+ 29. Kh2 $1 Rxd7 30. g3 $18 {[%csl Rd3,Re2]})
28. f5 (28. g3 $2 f5 $1 29. exf6 Nxf6 30. Qxg6 Nxf4) 28... Nef4 $1 $132) (27.
h5 Nd5 $1 28. f5 Nef4 $13) 27... d2 28. Rf1 (28. Re2 $2 Nd4) 28... b4 29. Be3 (
29. cxb4 Qa4 30. a3 c5) 29... Qa4 $13) 27. Rad1 $16 Nd5 28. f5 gxf5 29. Qxf5
Nf8 30. Qf3 Qe6 31. cxd4 cxd4 32. Bxd4 $18 Ne7 33. a3 Rd7 34. Bc3 Red8 35. Rxd7
Rxd7 36. h5 Nh7 37. Qg3 Qb6+ 38. Kh2 Qh6 39. Qg4 Nf8 40. Rf1 Ne6 41. Rf6 $1 Qe3
42. h6 Ng5 (42... Qg5 43. Qxe6 $1 (43. h7+ Kh8 44. Qxe6 $1) 43... Qh4+ 44. Qh3
Qxh3+ 45. Kxh3 gxf6 46. h7+ Kh8 47. e6 $18) 43. e6 fxe6 44. Qxg5 $1 1-0